[Event "Hallstahammar op"]
[Site "Hallstahammar"]
[Date "2004.09.12"]
[Round "7"]
[White "Hildingstam, Stefan"]
[Black "Johansson, Olle"]
[Result "1-0"]
[WhiteElo "1793"]
[BlackElo "1539"]
[PlyCount "61"]
[EventDate "2004.09.10"]
[EventType "swiss"]
[EventRounds "8"]
[EventCountry "SWE"]
[SourceTitle "EXT 2005"]
[Source "ChessBase"]
[SourceDate "2004.11.15"]
[SourceVersion "1"]
[SourceVersionDate "2004.11.15"]
[SourceQuality "1"]

1. e4 Nf6 2. e5 Nd5 3. d4 d6 4. c4 Nb6 5. f4 dxe5 6. fxe5 Nc6 7. Be3 Bf5 8. Nc3 e6 9. Nf3 Be7 10. Be2 0-0 11. 0-0 f6 12. exf6 Bxf6 13. d5 exd5 14. cxd5 Ne7 15. Bc5 Bxc3 16. bxc3 Nbxd5 17. Bc4 Re8 18. Bxe7 Qxe7 19. Qxd5+ Be6 20. Qxe6+ Qxe6 21. Bxe6+ Rxe6 22. Rae1 Ra6 23. Rf2 Ra3 24. Rc2 h6 25. Re7 Rc8 26. Nd4 Kf8 27. Rxc7 Rxc7 28. Ne6+ Ke7 29. Nxc7 Ra5 30. c4 Kd6 31. Ne8+ 1-0

[Event "Hallstahammar op"]
[Site "Hallstahammar"]
[Date "2003.09.14"]
[Round "6"]
[White "Hildingstam, Stefan"]
[Black "Borg, Mats"]
[Result "1-0"]
[WhiteElo "1673"]
[BlackElo "1982"]
[PlyCount "75"]
[EventDate "2003.09.12"]
[EventType "swiss"]
[EventRounds "7"]
[EventCountry "SWE"]
[SourceTitle "CBM 096 Extra"]
[Source "ChessBase"]
[SourceDate "2003.10.22"]
[SourceVersion "2"]
[SourceVersionDate "2003.10.20"]
[SourceQuality "1"]

1. e4 e6 2. d4 d5 3. Nc3 Nf6 4. Bg5 Be7 5. e5 Nfd7 6. h4 a6 7. Qh5 c5 8. Nce2 Nc6 9. c3 cxd4 10. cxd4 Nb4 11. Bxe7 Qxe7 12. Kd2 0-0 13. Nh3 f6 14. Nef4 Nc6 15. Bd3 g6 16. Bxg6 hxg6 17. Qxg6+ Qg7 18. Qxg7+ Kxg7 19. Nxe6+ Kf7 20. Nxf8 Nxf8 21. exf6 Nxd4 22. Nf4 Be6 23. Kd3 Nc6 24. a3 Kxf6 25. Nxe6 Nxe6 26. g3 Ne5+ 27. Ke2 Nd4+ 28. Kf1 Rc8 29. Rd1 Nef3 30. Kg2 Kf5 31. Rd3 Kg4 32. Rhd1 Rc4 33. b3 Rc5 34. Rxd4+ Nxd4 35. Rxd4+ Kf5 36. b4 Ke5 37. bxc5 Kxd4 38. h5 1-0

[Event "Hallstahammar op"]
[Site "Hallstahammar"]
[Date "2001.09.07"]
[Round "3"]
[White "Hildingstam, Stefan"]
[Black "Andersson, Per"]
[Result "1/2-1/2"]
[WhiteElo "1609"]
[BlackElo "1833"]
[PlyCount "42"]
[EventDate "2001.??.??"]
[EventType "swiss"]
[EventRounds "7"]
[EventCountry "SWE"]
[SourceTitle "EXT 2006"]
[Source "ChessBase"]
[SourceDate "2005.11.24"]
[SourceVersion "1"]
[SourceVersionDate "2005.11.24"]
[SourceQuality "1"]

1. e4 e6 2. d4 d5 3. exd5 exd5 4. Bd3 Bd6 5. h3 Be6 6. Nf3 Nf6 7. Bg5 h6 8. Bxf6 Qxf6 9. c3 Nd7 10. Nbd2 g5 11. Qb3 0-0 12. 0-0-0 c5 13. Bb1 c4 14. Qc2 Qg7 15. g4 Bf4 16. Rdg1 Nf6 17. b3 Ne4 18. h4 Nxf2 19. hxg5 Nd3+ 20. Kd1 Nf2+ 21. Kc1 Nd3+ 1/2-1/2